000 00709nam a2200241Ia 4500
003 OSt
005 20221007100556.0
006 a|||||r|||| 00| 0
007 ta
008 221006b |||||||| |||| 00| 0 eng d
024 _a4,651
037 _cTextual
040 _aLCO
_cLCO
_beng
041 _2eng
_aeng
082 _aX655.2, M1
100 _aIndian Investment Centre
245 0 _aForeign investment in India
_b Opportunities and incentives
260 _aNew
_bDelhi Indian investment centre
_c1981
300 _a15
650 _aFOREIGN INVESTMENT IN INDIA
_9701859
942 _hX655.2, M1
_cTEXL
999 _c1174214
_d1174214